| 000 | 00557nam a2200133Ia 4500 | ||
|---|---|---|---|
| 008 | 220620s9999||||xx |||||||||||||| ||und|| | ||
| 022 | _a16648714 | ||
| 100 | _aHarald G||Roberto Viviani||Carol George||Anna Buchheim | ||
| 245 | 0 | _aNeuroscience of Human Attachment | |
| 546 | _aEnglish[eng] | ||
| 650 | _afMRI||Neuroscience||social cognition||Brain activity||EEG||Genetics||Attachment||Attachment representation||Psychopathology||Neurophysiology | ||
| 856 | _uhttp://journal.frontiersin.org/researchtopic/3053/neuroscience-of-human-attachment | ||
| 942 | _cEB | ||
| 999 |
_c28541 _d28541 |
||